대한민국의 시·군 - Statistics

General Stats
  • This quiz has been taken 144 times
  • The average score is 95 of 161
Answers on the Map
Answers color-coded by a green-red scale on the quiz's map according to % correct below.
 
Answer Stats
구분 시/군 % Correct
특별시 서울
100%
광역시 인천
98%
경기도 | 광역시 광주
96%
광역시 대전
96%
광역시 부산
94%
광역시 대구
92%
광역시 울산
92%
특별자치시 세종
92%
제주특별자치도 제주
91%
충청북도 청주
87%
제주특별자치도 서귀포
87%
경기도 수원
85%
전북특별자치도 전주
85%
강원특별자치도 강릉
83%
경상남도 김해
83%
경기도 고양
81%
강원특별자치도 춘천
81%
경상북도 포항
81%
경기도 김포
79%
경기도 부천
79%
경기도 안산
79%
경기도 의정부
79%
경상북도 경주
79%
경상북도 안동
79%
경상북도 울릉
79%
경기도 파주
77%
충청북도 충주
77%
전라남도 목포
77%
강원특별자치도 평창
75%
전라남도 여수
75%
경상북도 구미
75%
경기도 이천
74%
강원특별자치도 원주
74%
충청남도 아산
74%
전라남도 나주
74%
경기도 남양주
72%
경기도 화성
72%
경상남도 창원
72%
경기도 여주
70%
경기도 평택
70%
강원특별자치도 동해
70%
충청남도 천안
70%
경상북도 상주
70%
경기도 광명
68%
경기도 구리
68%
강원특별자치도 속초
68%
강원특별자치도 철원
68%
충청남도 서산
68%
경상남도 거제
68%
경기도 가평
66%
경기도 과천
66%
경기도 성남
66%
경기도 양주
66%
강원특별자치도 양양
66%
전라남도 순천
66%
경기도 시흥
64%
경기도 안양
64%
경기도 용인
64%
강원특별자치도 | 경상남도 고성
64%
강원특별자치도 횡성
64%
충청남도 보령
64%
경기도 동두천
62%
경기도 안성
62%
경기도 포천
62%
경기도 하남
62%
강원특별자치도 홍천
62%
전라남도 신안
62%
경상남도 진주
62%
경기도 양평
60%
경기도 연천
60%
경기도 의왕
60%
강원특별자치도 삼척
60%
충청남도 공주
60%
충청남도 태안
60%
전북특별자치도 무주
60%
전북특별자치도 익산
60%
전라남도 무안
60%
경기도 오산
58%
강원특별자치도 인제
58%
전라남도 해남
58%
경상북도 김천
58%
경기도 군포
57%
강원특별자치도 화천
57%
경상북도 울진
57%
충청북도 제천
55%
경상남도 양산
55%
강원특별자치도 태백
53%
충청남도 계룡
53%
충청남도 당진
53%
충청남도 부여
53%
전북특별자치도 순창
53%
전라남도 영광
53%
경상남도 밀양
53%
경상남도 통영
53%
강원특별자치도 영월
51%
강원특별자치도 정선
51%
충청북도 진천
51%
충청남도 논산
51%
충청남도 홍성
51%
전북특별자치도 군산
51%
전라남도 진도
51%
경상북도 영덕
51%
경상남도 남해
51%
충청남도 금산
49%
충청남도 청양
49%
전북특별자치도 부안
49%
전라남도 고흥
49%
경상남도 사천
49%
강원특별자치도 양구
47%
충청북도 단양
47%
전북특별자치도 김제
47%
전북특별자치도 장수
47%
전북특별자치도 진안
47%
경상북도 경산
47%
충청남도 예산
45%
전라남도 광양
45%
전라남도 구례
45%
전라남도 완도
45%
전라남도 함평
45%
경상북도 문경
45%
경상남도 합천
45%
충청남도 서천
43%
전북특별자치도 고창
43%
전북특별자치도 완주
43%
전라남도 곡성
43%
전라남도 보성
43%
경상북도 영양
43%
경상남도 하동
43%
경상남도 함안
43%
충청북도 괴산
42%
전북특별자치도 임실
42%
경상북도 칠곡
42%
경상남도 거창
42%
충청북도 보은
40%
전북특별자치도 정읍
40%
전라남도 강진
40%
전라남도 담양
40%
경상북도 청송
40%
경상남도 함양
40%
충청북도 영동
38%
전북특별자치도 남원
38%
경상북도 영천
38%
경상북도 예천
38%
경상북도 의성
38%
충청북도 음성
36%
전라남도 장흥
36%
전라남도 영암
34%
전라남도 화순
34%
경상북도 봉화
34%
경상북도 성주
34%
경상북도 영주
34%
경상남도 의령
32%
충청북도 옥천
30%
경상북도 청도
30%
충청북도 증평
28%
경상북도 고령
28%
전라남도 장성
26%
경상남도 창녕
26%
경상남도 산청
25%
No matching quizzes found
Score Distribution
Percent of People with Each Score
Percentile by Number Answered
Your Score History
You have not taken this quiz